[Event "Dyfed op 48th"]
[Site "Fishguard"]
[Date "2019.02.24"]
[Round "4.5"]
[White "Byway, Paul V"]
[Black "May, Adam John"]
[Result "1/2-1/2"]
[WhiteElo "2060"]
[BlackElo "1906"]
[PlyCount "55"]
[EventDate "2019.02.22"]
[EventType "swiss"]
[EventRounds "5"]
[EventCountry "WLS"]
[SourceTitle "EXT 2020"]
[Source "ChessBase"]
[SourceDate "2019.10.17"]
[SourceVersion "1"]
[SourceVersionDate "2019.10.17"]
[SourceQuality "1"]

1. Nf3 d5 2. e3 Nf6 3. b3 e6 4. Bb2 Be7 5. d4 0-0 6. Bd3 c5 7. 0-0 b6 8. Qe2 Bb7 9. c4 Nbd7 10. Nc3 Rc8 11. cxd5 cxd4 12. Nxd4 Nxd5 13. Nxd5 Bxd5 14. Rad1 Qc7 15. Bb1 Rfd8 16. Rc1 Qb8 17. Rxc8 Rxc8 18. Rd1 Nf6 19. e4 Bb7 20. Nf3 Qf4 21. Be5 Qg4 22. h3 Qh5 23. Bd6 Bxd6 24. Rxd6 Qc5 25. Rd4 Qc1+ 26. Rd1 Qc7 27. Re1 g6 28. Qe3 1/2-1/2

[Event "BCF-chT2 1718 (4NCL) Demotion pool"]
[Site "England"]
[Date "2018.05.07"]
[Round "11.83"]
[White "Hughes, Roy"]
[Black "Byway, Paul V"]
[Result "0-1"]
[WhiteElo "2034"]
[BlackElo "2056"]
[PlyCount "84"]
[EventDate "2017.11.11"]
[EventType "team-tourn"]
[EventRounds "11"]
[EventCountry "ENG"]
[SourceTitle "EXT 2020"]
[Source "ChessBase"]
[SourceDate "2019.10.17"]
[SourceVersion "1"]
[SourceVersionDate "2019.10.17"]
[SourceQuality "1"]
[WhiteTeam "Barbican Youth"]
[BlackTeam "Poisoned Pawns"]
[WhiteTeamCountry "ENG"]
[BlackTeamCountry "ENG"]

1. d4 Nf6 2. Nf3 e6 3. Bf4 c5 4. e3 b6 5. c4 Bb7 6. d5 exd5 7. Nc3 Be7 8. cxd5 d6 9. e4 0-0 10. Bd3 Nbd7 11. 0-0 a6 12. a4 Ng4 13. Bc2 Nge5 14. Nd2 b5 15. a5 c4 16. Be3 Nc5 17. b4 cxb3 18. Nxb3 Nxb3 19. Bxb3 Bf6 20. Bd4 Rc8 21. Ne2 Nc4 22. Qe1 Re8 23. f3 Bxd4+ 24. Nxd4 Bxd5 25. Qb4 Be6 26. Rfd1 Qg5 27. Bxc4 Rxc4 28. Qe1 Rec8 29. Kh1 Qe5 30. Qd2 Ra4 31. Rxa4 bxa4 32. h3 Bb3 33. Nxb3 axb3 34. Rb1 Rb8 35. Rb2 g6 36. Kg1 Rb5 37. Kf2 h5 38. Qe2 h4 39. Qd2 Qc5+ 40. Qe3 Qb4 41. Kg1 Qa3 42. Qc3 Qc5+ 0-1

[Event "BCF-chT2b 1718 (4NCL)"]
[Site "England"]
[Date "2017.11.12"]
[Round "2.84"]
[White "Byway, Paul V"]
[Black "Talsma, Paul"]
[Result "1/2-1/2"]
[WhiteElo "2080"]
[BlackElo "2192"]
[PlyCount "42"]
[EventDate "2017.11.11"]
[EventType "team-tourn"]
[EventRounds "7"]
[EventCountry "ENG"]
[SourceTitle "EXT 2020"]
[Source "ChessBase"]
[SourceDate "2019.10.17"]
[SourceVersion "1"]
[SourceVersionDate "2019.10.17"]
[SourceQuality "1"]
[WhiteTeam "Poisoned Pawns"]
[BlackTeam "Anglian Avengers"]
[WhiteTeamCountry "ENG"]
[BlackTeamCountry "ENG"]

1. Nf3 f5 2. c4 Nf6 3. g3 g6 4. Bg2 Bg7 5. 0-0 0-0 6. Nc3 d6 7. d4 Qe8 8. d5 a5 9. Bd2 Na6 10. Qc1 Bd7 11. Bh6 Qf7 12. Bxg7 Qxg7 13. Qd2 Nc5 14. Rac1 h6 15. Nd4 g5 16. f4 gxf4 17. Rxf4 Qg5 18. Nf3 Qg6 19. Nh4 Qg5 20. Nf3 Qg6 21. Nh4 Qg5 1/2-1/2

[Event "BCF-chT3Sa 1617 (4NCL)"]
[Site "England"]
[Date "2016.11.26"]
[Round "1.44"]
[White "Habershon, Paul F"]
[Black "Byway, Paul V"]
[Result "1/2-1/2"]
[WhiteElo "2049"]
[BlackElo "2048"]
[PlyCount "46"]
[EventDate "2016.11.26"]
[EventType "team-tourn"]
[EventRounds "11"]
[EventCountry "ENG"]
[SourceTitle "EXT 2019"]
[Source "ChessBase"]
[SourceDate "2018.10.10"]
[SourceVersion "1"]
[SourceVersionDate "2018.10.10"]
[SourceQuality "1"]
[WhiteTeam "MK Phoenix"]
[BlackTeam "Poisoned Pawns"]
[WhiteTeamCountry "ENG"]
[BlackTeamCountry "ENG"]

1. e4 c5 2. Nc3 Nc6 3. f4 e6 4. Nf3 Nge7 5. g3 d5 6. d3 dxe4 7. dxe4 Qxd1+ 8. Nxd1 g6 9. Be3 b6 10. Nc3 Bg7 11. Nb5 0-0 12. 0-0-0 e5 13. Be2 Bg4 14. c3 Rad8 15. h3 Be6 16. Nd2 f5 17. Nc7 Bf7 18. Bc4 Bxc4 19. Nxc4 exf4 20. Bxf4 Rxd1+ 21. Rxd1 Rd8 22. Rxd8+ Nxd8 23. exf5 Nxf5 1/2-1/2

[Event "BCF-chT3Sb 1516 (4NCL)"]
[Site "England"]
[Date "2016.01.17"]
[Round "4.116"]
[White "Valentine, Brian J"]
[Black "Byway, Paul V"]
[Result "0-1"]
[WhiteElo "1969"]
[BlackElo "2098"]
[PlyCount "94"]
[EventDate "2015.11.14"]
[EventType "team-swiss"]
[EventRounds "7"]
[EventCountry "ENG"]
[SourceTitle "CBM 170 Extra"]
[Source "ChessBase"]
[SourceDate "2016.02.25"]
[SourceVersion "1"]
[SourceVersionDate "2016.02.25"]
[SourceQuality "1"]
[WhiteTeam "MK Phoenix II"]
[BlackTeam "Poisoned Pawns"]
[WhiteTeamCountry "ENG"]
[BlackTeamCountry "ENG"]

1. e4 c5 2. Nf3 e6 3. d4 cxd4 4. Nxd4 Nf6 5. Nc3 Nc6 6. Ndb5 Bb4 7. a3 Bxc3+ 8. Nxc3 d5 9. exd5 exd5 10. Bd3 0-0 11. 0-0 Bg4 12. f3 Bh5 13. Ne2 Qb6+ 14. Kh1 Bg6 15. Bxg6 hxg6 16. b4 d4 17. Nf4 a5 18. Rb1 axb4 19. axb4 Qb5 20. Qd3 Qxd3 21. Nxd3 Rfe8 22. b5 Ne5 23. Nc5 b6 24. Nb3 d3 25. cxd3 Nxd3 26. Bg5 Ra2 27. Ra1 Rxa1 28. Rxa1 Re5 29. Bxf6 gxf6 30. Nd4 Rd5 31. Ra4 Nc5 32. Rb4 Ne6 33. Ne2 Nc7 34. Kg1 Rxb5 35. Rd4 Nd5 36. Kf2 Rc5 37. Nf4 Rc2+ 38. Kg3 Ne3 39. Re4 Nf5+ 40. Kh3 b5 41. g4 Nd6 42. Rd4 Nc4 43. Nd5 Kg7 44. Kg3 Nd2 45. h4 g5 46. Ne3 gxh4+ 47. Kxh4 Nxf3+ 0-1

[Event "BCF-chT3Sb 1516 (4NCL)"]
[Site "England"]
[Date "2016.01.16"]
[Round "3.106"]
[White "Byway, Paul V"]
[Black "De Coverly, Roger D"]
[Result "1/2-1/2"]
[WhiteElo "2098"]
[BlackElo "2077"]
[PlyCount "73"]
[EventDate "2015.11.14"]
[EventType "team-swiss"]
[EventRounds "7"]
[EventCountry "ENG"]
[SourceTitle "CBM 170 Extra"]
[Source "ChessBase"]
[SourceDate "2016.02.25"]
[SourceVersion "1"]
[SourceVersionDate "2016.02.25"]
[SourceQuality "1"]
[WhiteTeam "Poisoned Pawns"]
[BlackTeam "Wessex"]
[WhiteTeamCountry "ENG"]
[BlackTeamCountry "ENG"]

1. Nf3 Nf6 2. c4 g6 3. d4 Bg7 4. Nc3 0-0 5. e3 c5 6. Be2 cxd4 7. exd4 d5 8. c5 b6 9. 0-0 Ne4 10. Qb3 Nxc3 11. bxc3 bxc5 12. dxc5 Nc6 13. Be3 Rb8 14. Qa4 Bd7 15. Bb5 Qc7 16. Rad1 a6 17. Bxc6 Bxc6 18. Qh4 e5 19. Rfe1 Rbe8 20. Rb1 f5 21. Bh6 d4 22. Bxg7 Qxg7 23. cxd4 Bxf3 24. gxf3 exd4 25. Red1 f4 26. c6 g5 27. Qh3 Rf7 28. Qf1 Kh8 29. h3 h5 30. Qc4 Rd8 31. Rb7 Rxb7 32. cxb7 Qxb7 33. Rxd4 Rxd4 34. Qxd4+ Qg7 35. Qd8+ Kh7 36. Qd3+ Qg6 37. Qd7+ 1/2-1/2

[Event "BCF-ch Seniors 65"]
[Site "Coventry"]
[Date "2015.07.30"]
[Round "4"]
[White "Downham, Alan"]
[Black "Byway, Paul V"]
[Result "0-1"]
[WhiteElo "1989"]
[BlackElo "2148"]
[PlyCount "52"]
[EventDate "2015.07.27"]
[EventType "swiss"]
[EventRounds "6"]
[EventCountry "ENG"]
[SourceTitle "CBM 167 Extra"]
[Source "ChessBase"]
[SourceDate "2015.09.14"]
[SourceVersion "1"]
[SourceVersionDate "2015.09.14"]
[SourceQuality "1"]

1. c4 e6 2. g3 d5 3. Bg2 Nf6 4. d4 c6 5. Nf3 Nbd7 6. 0-0 Bd6 7. Nc3 0-0 8. Qd3 Qe7 9. Re1 dxc4 10. Qxc4 e5 11. dxe5 Nxe5 12. Nxe5 Bxe5 13. Be3 Be6 14. Bc5 Bxc4 15. Bxe7 Rfe8 16. Bxf6 Bxf6 17. e3 Red8 18. Red1 Bxc3 19. bxc3 Rxd1+ 20. Rxd1 Bxa2 21. Ra1 Be6 22. Rb1 Bc8 23. Rd1 Bf5 24. e4 Be6 25. f4 a5 26. Rb1 a4 0-1

[Event "BCF-ch Seniors 65"]
[Site "Coventry"]
[Date "2015.07.28"]
[Round "2"]
[White "Bielby, Paul R"]
[Black "Byway, Paul V"]
[Result "1/2-1/2"]
[WhiteElo "1950"]
[BlackElo "2148"]
[PlyCount "100"]
[EventDate "2015.07.27"]
[EventType "swiss"]
[EventRounds "6"]
[EventCountry "ENG"]
[SourceTitle "CBM 167 Extra"]
[Source "ChessBase"]
[SourceDate "2015.09.14"]
[SourceVersion "1"]
[SourceVersionDate "2015.09.14"]
[SourceQuality "1"]

1. e4 c5 2. Nf3 e6 3. c3 d5 4. exd5 Qxd5 5. d4 Nf6 6. Na3 Nc6 7. Nb5 Qd8 8. Bf4 Nd5 9. Bg3 a6 10. Na3 Be7 11. Be2 0-0 12. Nc2 b6 13. 0-0 Bb7 14. Qd2 Bd6 15. dxc5 Bxg3 16. hxg3 bxc5 17. Rad1 Qb6 18. Ne3 Nxe3 19. Qxe3 Ne7 20. Ne5 Nd5 21. Qc1 Qc7 22. Nc4 a5 23. Rfe1 Nf6 24. Bf3 Bxf3 25. gxf3 Rfd8 26. Kg2 Rd5 27. Ne3 Rdd8 28. Nc4 h6 29. Re2 Rd5 30. Ne3 Rh5 31. Qd2 c4 32. Qd6 Rc5 33. Rd4 Rc8 34. Red2 g5 35. Qxc7 R8xc7 36. f4 Kg7 37. fxg5 hxg5 38. f3 Kf8 39. Kf2 Ke7 40. Rd1 Nd7 41. f4 Nb6 42. Kf3 gxf4 43. gxf4 Rh5 44. Rg1 Rh2 45. Rg2 Rxg2 46. Kxg2 Rc5 47. Kf3 f5 48. Ke2 Rb5 49. Rd2 Kf6 50. Kf3 Ke7 1/2-1/2

[Event "BCF-chT3 1415 (4NCL)"]
[Site "England"]
[Date "2015.03.21"]
[Round "8.99"]
[White "Byway, Paul V"]
[Black "LeMoir, David A"]
[Result "1-0"]
[WhiteElo "2143"]
[BlackElo "2113"]
[PlyCount "77"]
[EventDate "2015.03.21"]
[EventType "team-swiss"]
[EventRounds "11"]
[EventCountry "ENG"]
[SourceTitle "EXT 2016"]
[Source "ChessBase"]
[SourceDate "2015.10.08"]
[SourceVersion "1"]
[SourceVersionDate "2015.10.08"]
[SourceQuality "1"]
[WhiteTeam "Poisoned Pawns"]
[BlackTeam "Anglian Avengers II"]
[WhiteTeamCountry "ENG"]
[BlackTeamCountry "ENG"]

1. Nf3 Nc6 2. d4 d5 3. e3 Bg4 4. Be2 Nf6 5. 0-0 e6 6. h3 Bh5 7. Ne5 Bxe2 8. Qxe2 Nxe5 9. dxe5 Nd7 10. e4 c6 11. exd5 cxd5 12. Nd2 Qc7 13. c4 dxc4 14. Nxc4 Rc8 15. Bg5 h6 16. Nd6+ Bxd6 17. exd6 Qxd6 18. Rad1 Qa6 19. Qd2 0-0 20. Be7 Nb6 21. Bxf8 Rxf8 22. a3 Nd5 23. Rc1 Qa4 24. Rc5 a6 25. Rfc1 Kh7 26. Qc2+ Qxc2 27. R1xc2 b6 28. Rc8 Rxc8 29. Rxc8 a5 30. g3 Kg6 31. Kf1 Kf6 32. Ke2 h5 33. Rh8 g6 34. Kd3 Ke5 35. Rh7 Kf6 36. Kc4 Ke7 37. Kb5 Kf8 38. Rh8+ Ke7 39. Rb8 1-0